Statistiques concernant Pays avec les frontières terrestres les plus courtes

Cliquez ici pour prendre le quiz!

Statistiques générales

  • Ce quiz a été pris 298 fois
  • Le résultat moyen est 13 sur 20

Statistiques - réponses

kmpays% Correct
3Vatican
95%
4Monaco
92%
39Saint-Marin
89%
76Liechtenstein
86%
120Andorre
85%
381Brunei
78%
360Haïti
78%
60Qatar
77%
359Luxembourg
76%
360République
dominicaine
72%
228Timor-Leste
68%
360Irlande
65%
516Belize
64%
238Corée du Sud
62%
68Danemark
62%
462Koweït
55%
360Royaume-Uni
46%
454Liban
43%
466Palestine
27%
10Saint-Martin
15%

Distribution des résultats

Percentile par nombre de réponses

% des personnes avec chaque résultat

Votre développement - résultats

Vous n’avez pas pris ce quiz